000 01575cam a22004094i 4500
003 PE-LiUPU
005 20250731173250.0
008 150625s1975 pe a r 000 0 spa d
035 _a(Sirsi) a35558
040 _aPE-LiUPU
_bspa
_cPE-LiUPU
_erda
082 0 4 _a238.07
_bP39
_221
100 1 _aPélach, Enrique,
_eautor.
245 1 0 _aCatecismo de la doctrina cristiana /
_cEnrique Pélach.
264 1 _aLima :
_bAndina,
_c1975.
300 _a279 páginas :
_bilustraciones ;
_c17 centímetros
336 _atext
_2rdacontent
337 _aunmediated
_2rdamedia
338 _avolume
_2rdacarrier
505 0 _aDios salva al Hombre -- Dios Creador -- Dios Redentor -- La Iglesia y los Sacramentos -- El Sacramento de la Penitencia -- La Sagrada Eucaristía -- El Sacramento del Matrimonio -- Los Mandamientos de la ley de Dios -- Postrimerías -- La oración del Cristiano.
526 _aSEG42
526 _aSEG41
526 _aSEG40
526 _aSEG39
526 _aP94
526 _aP87
526 _aP86
526 _aP85
526 _aP77
526 _aP76
526 _aP35
650 0 4 _aCatecismos.
_93229
942 _2ddc
_cBOOK
949 _a238.07 P39
_wDEWEY
_c1
_i39166
_lCCODEBUL1
_mBUL
_p10.00
_r0
_sY
_tBOOK
_u2015-06-25
_xBIBLIOTECA
_zUNKNOWN
_0COMPRA
_o.STAFF. Colección Teología
596 _a1
999 _a238.07 P39
_wDEWEY
_c43535
_i39166
_f2021-11-11
_g5
_lCCODEBUL1
_mBUL
_p10.00
_r0
_sY
_tBOOK
_u2015-6-25
_xTEOLOGIA
_PP35
_0COMPRA
_o.STAFF. Colección Teología
_d43535
980 _81
_gALBERTO SANCHEZ Responsable de Automatización